000 005200000a22001810004500
003 MACL
005 20160413122451.0
008 160413b xxu||||| |||| 00| 0 eng d
040 _aMACL
_cMACL
041 _aHindi
082 _a800
100 _aनीलकांत
_952121
245 _aइतिहास लेखन की समस्‍याऍ
260 _bहाथ प्रकाशन
_c1995
_aइलाहाबाद
350 _a180
650 _aLiteracture
_952122
942 _cHIN
_k800/NEE/L
_2ddc
999 _c19761
_d19761